000 00624nam a2200205Ii 4500
003 JO-AjNU
008 230605s9999||||xx |||||||||||||| ||und||
040 _aJO-AjNU
_bara
_erda
_cJO-AjNU
041 _aara
050 1 4 _aPJ7542 1998
100 3 _aناصيف،إميل,
_eauthor
_911144
245 0 0 _aأروع ما قيل في جمال المرأة
250 _aط1
264 3 1 _aبيروت: دار الجيل، 1998
300 _a150ص
336 _atext
_btxt
_2rdacontent
337 _aunmediated
_bn
_2rdamedia
338 _avolume
_bnc
_2rdacarrier
650 4 _aالشعر العربي - جمال المرأة
_911145
999 _aA2171
_c5739
_d5739